| 000 | 00000nam##2200000za#4500 |
| 001 | 9.647398 |
| 003 | CaOODSP |
| 005 | 20210615112626 |
| 007 | ta |
| 008 | 150407|1999||||xxc||||| f|0| 0 eng|d |
| 020 | |a0-662-27984-0 |
| 040 | |aCaOODSP|beng |
| 043 | |an-cn--- |
| 086 | 1 |aMP43-400/1999E |
| 110 | 1 |aCanada. |bHuman Resources Development Canada. |
| 245 | 14|aThe National Child Benefit : |bwhat it means for Canadian families |
| 260 | |aOttawa - Ontario : |bHuman Resources Development Canada |c1999. |
| 300 | |a13p. : |billus. ; |c22 cm. |
| 563 | |aSoftcover |
| 590 | |a99-46|b1999-11-19 |
| 690 | 07|aChild poverty|2gcpds |
| 690 | 07|aIncome security|2gcpds |
| 690 | 07|aFamily|2gcpds |
| 775 | 08|tLa prestation nationale pour enfants : |w(CaOODSP)9.680822 |
| 776 | 0#|tThe National Child Benefit : |w(CaOODSP)9.696450 |
| 986 | |aSP-138-07-99E |